000 00391nam a2200157Ia 4500
008 221220s9999 xx 000 0 und d
020 _a978-93-392-0346-7
041 _aEnglish
100 _aP. C. Tulsian
245 0 _aBusiness Law 3rd Ed.
_cby P. C. Tulsian
250 _a3rd Ed.
260 _bMcgraw Hill Pub
_aIndia
_c2021
300 _a253
650 _aManagement
942 _2DDC
_cBK
999 _c19279
_d19279